000 00359nam a2200157Ia 4500
003 OSt
005 20240209102930.0
008 170523s9999 xx 000 0 und d
020 _a8120400313
040 _ciimtu meerut
100 _aPAREEK- RAO
245 0 _aBEHAVIOURAL PROCESS IN ORGAGANIGATIONAL
260 _bOXFORD
260 _c2003
942 _2ddc
_c02
999 _c1125
_d1125